Chováme norky a líšky

Bibliographic Details
Main Authors: Točka, Imrich, 1941-2020 (Author), Kykla, František (Author), Kukla, František (Author)
Format: Book
Language:Slovak
PhysicalDescription:159, [16] s. obr. príl. fotogr., ilustr., tab. 20 cm
Published: Bratislava Príroda 1985
Edition:1. vyd.
Series:Knižnica drobnochovateľa
Subjects:

MARC

LEADER 00000nam a2200000 a 4500
001 vtls001094102
003 SK-MaSNL
005 20260301021219.0
008 251029s1985 xo 0 slo
015 |a SNBA1985/04 
035 |a SNK000036944 
040 |a SNK  |b slo  |c SNK  |e AACR2 
041 0 |a slo 
044 |a xo  |c SK 
072 7 |a 636  |x Chov zvierat. Živočíšna výroba  |2 konspekt 
080 |a 636.934.2  |2 2001 
080 |a 639.11  |2 2001 
080 |a 636.08  |2 2001 
080 |a (035)  |2 2001 
100 1 |a Točka, Imrich,  |d 1941-2020  |4 aut  |9 98301 
245 1 0 |a Chováme norky a líšky  |c Imrich Točka, František Kykla ; František Kukla, Igor Imro 
250 |a 1. vyd. 
260 |a Bratislava  |b Príroda  |c 1985  |e Banská Bystrica  |f Tlačiarne SNP 
300 |a 159, [16] s. obr. príl.  |b fotogr., ilustr., tab.  |c 20 cm 
366 |e 10000 výtl. 
490 1 |a Knižnica drobnochovateľa  |v 10 
500 |a Č. 10. Knižnica drobnochovateľa. Lit. 12. 12 zázn. v slov., češ., ruš. 
650 0 7 |a norky  |2 SNKPH  |9 86779 
650 0 7 |a líšky  |2 SNKPH  |9 23247 
650 0 7 |a kožušinové zvieratá  |2 SNKPH  |9 51090 
650 0 7 |a chov zvierat  |2 SNKPH  |9 2803 
650 0 7 |a Foxes  |2 SNKPHeng  |9 294608 
650 0 7 |a Fur-bearing animals  |2 SNKPHeng  |9 309813 
650 0 7 |a Animal husbandry  |2 SNKPHeng  |9 266563 
655 7 |a príručky  |2 SNKPH  |9 74364 
655 7 |a Handbooks, manuals, etc.  |2 SNKPHeng  |9 90964 
700 1 |a Kykla, František  |4 aut  |9 309814 
700 1 |a Kukla, František  |4 aut  |9 309815 
700 1 |a Imro, Igor,  |d 1943-  |4 bkd  |9 86339 
830 0 |a Knižnica drobnochovateľa  |9 309816 
852 |a Slovenská národná knižnica 
954 |a norky  |a líšky 
958 |a OND 
958 |a NB 
958 |a TL 
999 |c 564850  |d 566780 
952 |t P60, <04>, [BOOK], {604}  |a SNK  |b SNK  |y VYP  |7 0  |p 17A0196352  |o snkSD 56629 D1  |0 0  |1 0  |4 0  |d 1999-06-14  |l 0  |r 2004-12-31 00:00:00  |w 2026-02-23